Evolución de la economía en 1994 y perspectivas para 1995
Đã lưu trong:
| Tác giả của công ty: | |
|---|---|
| Định dạng: | Sách |
| Ngôn ngữ: | Tiếng Tây Ban Nha |
| Được phát hành: |
Santiago
Banco Central
1994
|
| Những chủ đề: | |
| Các nhãn: |
Thêm thẻ
Không có thẻ, Là người đầu tiên thẻ bản ghi này!
|
MARC
| LEADER | 00000nam a2200000 a 4500 | ||
|---|---|---|---|
| 001 | UCY2773 | ||
| 003 | CL-VaPUC | ||
| 008 | 941116e19940000CL |||||||||||||||||spa|d | ||
| 082 | 0 | 4 | |a 339.5 |b BAN |2 21 |
| 110 | 2 | |a Banco Central de Chile |e author |9 330881 | |
| 245 | 1 | 0 | |a Evolución de la economía en 1994 y perspectivas para 1995 |
| 300 | |a 84 p | ||
| 942 | |c BK | ||
| 945 | |d 19941116 00:00:00 |a rbrito | ||
| 260 | |a Santiago |b Banco Central |c 1994 | ||
| 650 | 7 | |a ECONOMIA 1994-1995 |2 CL-VaPUC |9 330882 | |
| 651 | 7 | |a CHILE |2 CL-VaPUC |9 330883 | |
| 583 | |a last modification |c 19941116 00:00:00 |k Rodrigo Vera | ||
| 999 | |c 231096 |d 231094 | ||
| 952 | |0 0 |1 0 |4 0 |6 339_500000000000000_BAN_1994 |7 0 |8 A |9 233930 |a BIBENE |b BIBENE |d 2019-11-15 |i 3033252 |o 339.5 BAN 1994 |p 3033252 |r 2025-01-15 |w 2019-11-15 |y BK |k ICO | ||